| 000 -LEADER |
| fixed length control field |
00679nam a22002177a 4500 |
| 001 - CONTROL NUMBER |
| control field |
6798 |
| 003 - CONTROL NUMBER IDENTIFIER |
| control field |
BD-DhUAP |
| 005 - DATE AND TIME OF LATEST TRANSACTION |
| control field |
20200210110029.0 |
| 008 - FIXED-LENGTH DATA ELEMENTS--GENERAL INFORMATION |
| fixed length control field |
200210s1976 ii ||||| |||| 001 0 eng d |
| 040 ## - CATALOGING SOURCE |
| Original cataloging agency |
BD-DhUAP |
| Language of cataloging |
Eng |
| Transcribing agency |
BD-DhUAP |
| Modifying agency |
BD-DhUAP |
| 082 ## - DEWEY DECIMAL CLASSIFICATION NUMBER |
| Edition number |
23 |
| Classification number |
297.63 HAY |
| 100 ## - MAIN ENTRY--PERSONAL NAME |
| Personal name |
Haykal , Muḥammad Ḥusayn. |
| 245 ## - TITLE STATEMENT |
| Title |
The life of Muhammad / |
| Statement of responsibility, etc. |
Muḥammad Ḥusayn Haykal ; translated by Ismaʼil Ragi A. Al-Faruqi. |
| 250 ## - EDITION STATEMENT |
| Edition statement |
8th ed. |
| 260 ## - PUBLICATION, DISTRIBUTION, ETC. |
| Place of publication, distribution, etc. |
New Delhi : |
| Name of publisher, distributor, etc. |
Millat book center, |
| Date of publication, distribution, etc. |
1976. |
| 300 ## - PHYSICAL DESCRIPTION |
| Extent |
xcvii, 639 pages ; |
| Dimensions |
25 cm. |
| 500 ## - GENERAL NOTE |
| General note |
Include index. |
| 600 ## - SUBJECT ADDED ENTRY--PERSONAL NAME |
| Personal name |
Muḥammad, |
| Dates associated with a name |
632. |
| Form subdivision |
Prophet. |
| 700 ## - ADDED ENTRY--PERSONAL NAME |
| Personal name |
Al-Faruqi, Ismaʼil Ragi A. |
| 942 ## - ADDED ENTRY ELEMENTS (KOHA) |
| Source of classification or shelving scheme |
|
| Koha item type |
Book |